Katsina State, Nigeria (Record no. 38206)

MARC details
000 -LEADER
fixed length control field 00483nam a2200157Ia 4500
022 ## - INTERNATIONAL STANDARD SERIAL NUMBER
ISSN HG 28 .F83/
050 ## - CALL MARK
Classification number FUDMA Journal of Business Management
245 #0 - TITLE STATEMENT
Title Katsina State, Nigeria
260 ## - PUBLICATION, DISTRIBUTION, ETC. (IMPRINT)
Place of publication Federal University Katsina
260 ## - PUBLICATION, DISTRIBUTION, ETC. (IMPRINT)
Name of publisher 2020
260 ## - PUBLICATION, DISTRIBUTION, ETC. (IMPRINT)
Year of publication vi, 206 p. :ill. ; 26 cm.
300 ## - PHYSICAL DESCRIPTION
Number of Pages Industrial management--Periodicals. Organizational change--Management--Periodicals.
650 ## - SUBJECT ADDED ENTRY--TOPICAL TERM
Topical Term SR

No items available.